Countries Mentioned in Dhurandhar - Statistics

General Stats
  • This quiz has been taken 76 times
  • The average score is 8 of 10
Answer Stats
Source Country % Correct
Scenes India
100%
Scenes (main setting) Pakistan
100%
Scenes (opening) Afghanistan
90%
Part of counterfeiting route Nepal
85%
Manufacturer of arms, diplomacy, etc United States
85%
Manufacturer of arms Russia
73%
Counterfeiting meeting location United Arab Emirates
69%
Part of counterfeiting problem Bangladesh
68%
Location of currency manufacturer United Kingdom
59%
Part of counterfeiting route Qatar
46%
No matching quizzes found
Score Distribution
Percent of People with Each Score
Percentile by Number Answered
Your Score History
You have not taken this quiz